| 000 | 00774nam a22001577a 4500 | ||
|---|---|---|---|
| 003 | OSt | ||
| 005 | 20150928165813.0 | ||
| 008 | 150928b xxu||||| |||| 00| 0 eng d | ||
| 040 | _cRUA | ||
| 082 | _aATM.Sp SOE 2003 B059 Or.1 | ||
| 100 |
_91512 _aSOEUNG, SANGEM. |
||
| 245 | _aBacterial sport damage on tomato yield in wet season 2002 at kbal koh vegetable research station, ការបំផ្លាញដោយជំងឺបាត់តេរីប្រជ្រុយលើទិន្នផលប៉េងប៉ោះនៅស្ថានីយ៍ពិសោធន៍ពូជបន្លែក្បាលកោះនារដូវវស្សាឆ្នាំ២០០២ | ||
| 260 |
_aPhnom Penh _bRUA _c2003 |
||
| 300 |
_a54p. _bill. _c29cm. |
||
| 942 |
_2ddc _cATMSP |
||
| 999 |
_c1421 _d1421 |
||